عرض عادي
عرض مارك
- Sung, Joseph J. Y.
مدخل إسم شخص
001 - رقم الضبط
- حقل الضبط: 36079
003 - معرف رقم الضبط
- حقل الضبط: OSt
005 - تاريخ ووقت أخر عملية
- حقل الضبط: 20130620115043.0
008 - عناصر بيانات ثابتة الطول
- حقل تحكم ثابت الطول: 130620|||a|||||| | ||| d
040 ## - مصدر الفهرسة
- هيئة الفهرسة الأصلية: OSt
- وكالة الكتابة: OSt
100 ## - مدخل -- أسم شخص
- إسم شخص: Sung, Joseph J. Y.
- الشكل الكامل للاسم: (Joseph Jao Yiu),
- تواريخ مرتبطة بالاسم: 1959-
670 ## - بيانات المصدر موجوده
- الاستشهاد بالمصدر: Work cat.: (OSt)0: Wilcox, C. Mel. 36075, Atlas of clinical gastrointestinal endoscopy /, c2012.
